The woman at the well. (Record no. 7440)

MARC details
000 -LEADER
fixed length control field 00624nam a2200253 4500
001 - CONTROL NUMBER
control field 27667
003 - CONTROL NUMBER IDENTIFIER
control field GBCCL
005 - DATE AND TIME OF LATEST TRANSACTION
control field 20241126110628.0
008 - FIXED-LENGTH DATA ELEMENTS--GENERAL INFORMATION
fixed length control field 700609s1970 njuc 000 0aeng
010 ## -
-- 78112456
035 ## - SYSTEM CONTROL NUMBER
System control number (OCoLC)00077924
040 ## - CATALOGING SOURCE
Original cataloging agency DLC
Transcribing agency DLC
049 ## -
-- LBBK
050 0# -
-- BR1725.R63
-- A33
082 ## - DEWEY DECIMAL CLASSIFICATION NUMBER
Classification number 248.2
Item number ROG
092 ## - LOCALLY ASSIGNED DEWEY CALL NUMBER (OCLC)
Classification number 791.43092
Item number R725W
100 1# - MAIN ENTRY--PERSONAL NAME
Personal name Rogers, Dale Evans.
9 (RLIN) 334
245 14 - TITLE STATEMENT
Title The woman at the well.
260 ## - PUBLICATION, DISTRIBUTION, ETC.
Place of publication, distribution, etc. Old Tappan, N.J.,
Name of publisher, distributor, etc. Revell
Date of publication, distribution, etc. [1970]
300 ## - PHYSICAL DESCRIPTION
Extent 191 p.
Other physical details ports.
Dimensions 21 cm.
350 ## - PRICE (NR) (BK AM CF MU VM SE) [OBSOLETE]
Price 4.95
600 10 - SUBJECT ADDED ENTRY--PERSONAL NAME
Personal name Rogers, Dale Evans.
9 (RLIN) 334
942 ## - ADDED ENTRY ELEMENTS (KOHA)
Source of classification or shelving scheme Dewey Decimal Classification
Koha item type Books
Holdings
Withdrawn status Lost status Source of classification or shelving scheme Damaged status Not for loan Home library Current Library Shelving location Date acquired Total checkouts Full call number Barcode Date last seen Copy number Price effective from Koha item type
    Dewey Decimal Classification     GRACE BIBLE COLLEGE GRACE BIBLE COLLEGE Ministry & Mission 2018-08-07   248.2 ROG 002579 2025-05-01 c.1 2018-08-07 Books
© Grace Bible College Library 2025